[Event "Hradec Kralove Sten op"]
[Site "Hradec Kralove"]
[Date "2011.05.12"]
[Round "6"]
[White "Mazura, Tomas"]
[Black "Vochozka, Jindrich"]
[Result "1-0"]
[WhiteElo "1989"]
[BlackElo "1734"]
[PlyCount "89"]
[EventDate "2011.05.08"]
[EventType "swiss"]
[EventRounds "9"]
[EventCountry "CZE"]
[SourceTitle "CBM 142 Extra"]
[Source "ChessBase"]
[SourceDate "2011.06.27"]
[SourceVersion "1"]
[SourceVersionDate "2011.06.27"]
[SourceQuality "1"]

1. e4 e6 2. d4 d5 3. Nd2 dxe4 4. Nxe4 Nd7 5. g3 Ngf6 6. Nxf6+ Nxf6 7. Bg2 c5 8. Ne2 Qb6 9. 0-0 Bd7 10. c4 Rd8 11. Qb3 Bc6 12. Qxb6 axb6 13. Be3 Ng4 14. Bf4 Bd6 15. Bxc6+ bxc6 16. Bxd6 Rxd6 17. Rad1 cxd4 18. Rxd4 Rxd4 19. Nxd4 Kd7 20. Nf3 Kc7 21. h3 Nh6 22. Rd1 Rd8 23. Rxd8 Kxd8 24. g4 f6 25. Nd4 Kd7 26. f4 e5 27. fxe5 fxe5 28. Nf3 Nf7 29. Kf2 h6 30. Ke3 Ke6 31. h4 c5 32. b3 g6 33. a3 Nd6 34. Nd2 h5 35. Kf3 Kf6 36. gxh5 gxh5 37. Ne4+ Ke6 38. Nxd6 Kxd6 39. Ke4 Ke6 40. b4 Kd6 41. b5 Ke6 42. a4 Kd6 43. Kf5 e4 44. Kxe4 Ke6 45. Kf4 1-0

[Event "Kesarovski Georgiev Memorial 9th"]
[Site "Sunny Beach"]
[Date "2010.09.03"]
[Round "7"]
[White "Vakalopoulos, Hristos"]
[Black "Mazura, Tomas"]
[Result "1/2-1/2"]
[WhiteElo "1757"]
[BlackElo "2028"]
[PlyCount "88"]
[EventDate "2010.08.28"]
[EventType "swiss"]
[EventRounds "9"]
[EventCountry "BUL"]
[SourceTitle "CBM 138 Extra"]
[Source "ChessBase"]
[SourceDate "2010.10.29"]
[SourceVersion "1"]
[SourceVersionDate "2010.10.29"]
[SourceQuality "1"]

1. c4 e5 2. Nc3 Nc6 3. Nf3 Nf6 4. g3 g6 5. Bg2 Bg7 6. 0-0 0-0 7. d3 d6 8. Rb1 a5 9. a3 Ne7 10. b4 axb4 11. axb4 c6 12. Qc2 Be6 13. b5 Nd7 14. Ng5 d5 15. e4 dxc4 16. Nxe6 cxd3 17. Qxd3 fxe6 18. Qd6 Qe8 19. Qxe6+ Rf7 20. bxc6 bxc6 21. Bh3 Nf8 22. Qc4 Kh8 23. Be3 Rf6 24. Rb7 Rb8 25. Rxb8 Qxb8 26. Bg5 Qc7 27. Bxf6 Bxf6 28. Rd1 Kg7 29. Bg4 Qb8 30. Na4 Qb5 31. Qxb5 cxb5 32. Nc5 Nc6 33. Nb3 Be7 34. Rd5 b4 35. Bc8 Kf6 36. f4 exf4 37. gxf4 h6 38. Kg2 Nd8 39. Rb5 Nfe6 40. Rb6 Kf7 41. Kf3 g5 42. f5 Nc5 43. Rxb4 Nc6 44. Nxc5 Nxb4 1/2-1/2

[Event "Kesarovski Georgiev Memorial 9th"]
[Site "Sunny Beach"]
[Date "2010.08.30"]
[Round "3"]
[White "Todorov, Ognjan"]
[Black "Mazura, Tomas"]
[Result "1-0"]
[WhiteElo "2303"]
[BlackElo "2028"]
[PlyCount "49"]
[EventDate "2010.08.28"]
[EventType "swiss"]
[EventRounds "9"]
[EventCountry "BUL"]
[SourceTitle "CBM 138 Extra"]
[Source "ChessBase"]
[SourceDate "2010.10.29"]
[SourceVersion "1"]
[SourceVersionDate "2010.10.29"]
[SourceQuality "1"]

1. d4 Nf6 2. c4 g6 3. Nf3 Bg7 4. g3 0-0 5. Bg2 c6 6. 0-0 d5 7. Qb3 dxc4 8. Qxc4 Nbd7 9. Nc3 Nb6 10. Qd3 Be6 11. Rd1 Qc8 12. e4 Bh3 13. Bf4 Bxg2 14. Kxg2 e6 15. a4 a6 16. a5 Nbd7 17. Rac1 Qd8 18. Bd6 Re8 19. b4 Bf8 20. Bxf8 Nxf8 21. Na4 Qe7 22. Nc5 Rad8 23. Qe3 Kg7 24. Ne5 Rb8 25. Qf4 1-0

[Event "CZE-chT2D 0910"]
[Site "Czech Republic"]
[Date "2010.02.14"]
[Round "7.8"]
[White "Micanek, Tomas"]
[Black "Mazura, Tomas"]
[Result "1-0"]
[WhiteElo "2122"]
[BlackElo "1985"]
[PlyCount "81"]
[EventDate "2009.10.18"]
[EventType "team-tourn"]
[EventRounds "11"]
[EventCountry "CZE"]
[SourceTitle "EXT 2012"]
[Source "ChessBase"]
[SourceDate "2011.11.24"]
[SourceVersion "1"]
[SourceVersionDate "2011.11.24"]
[SourceQuality "1"]
[WhiteTeam "Brno Duras II"]
[BlackTeam "Pardubice Bohemia"]
[WhiteTeamCountry "CZE"]
[BlackTeamCountry "CZE"]

1. e4 c5 2. Nc3 Nc6 3. f4 g6 4. Nf3 Bg7 5. Bc4 e6 6. d3 Nge7 7. 0-0 0-0 8. Qe1 d5 9. Bb3 Na5 10. Qh4 c4 11. f5 Nxf5 12. exf5 Qxh4 13. Nxh4 Bf6 14. Bh6 Bxh4 15. fxg6 hxg6 16. Bxf8 Kxf8 17. dxc4 dxc4 18. Bxc4 Nxc4 19. Rf4 Be7 20. Rxc4 b6 21. Rd1 Bc5+ 22. Kh1 Kg7 23. Rd8 Bb7 24. Rxa8 Bxa8 25. b4 Bd6 26. a3 f5 27. Rc8 Be4 28. Nxe4 fxe4 29. Rc4 e3 30. Re4 a5 31. Rxe3 axb4 32. axb4 Bxb4 33. Rxe6 Bc5 34. g4 Kf7 35. Rc6 Bd4 36. Kg2 Kg7 37. h4 Kf7 38. Kf3 Bg1 39. Kf4 Bh2+ 40. Kg5 b5 41. Rf6+ 1-0

[Event "Prague op 05th"]
[Site "Prague"]
[Date "2006.01.17"]
[Round "6"]
[White "List, Andre"]
[Black "Mazura, Tomas"]
[Result "0-1"]
[WhiteElo "2072"]
[BlackElo "1983"]
[PlyCount "62"]
[EventDate "2006.01.13"]
[EventType "swiss"]
[EventRounds "9"]
[EventCountry "CZE"]
[SourceTitle "CBM 110 Extra"]
[Source "ChessBase"]
[SourceDate "2006.03.10"]
[SourceVersion "2"]
[SourceVersionDate "2006.03.10"]
[SourceQuality "1"]

1. d4 Nf6 2. c4 d6 3. Nc3 c6 4. e4 Qc7 5. Nf3 e5 6. Be2 g6 7. Bg5 Bg7 8. Qd2 h6 9. Bh4 Nbd7 10. h3 Nf8 11. b4 Ne6 12. Bg3 Nh5 13. Rd1 Nxg3 14. fxg3 Nxd4 15. Bd3 Be6 16. c5 dxc5 17. bxc5 Rd8 18. Ne2 Nxe2 19. Qxe2 Qa5+ 20. Kf1 Qxc5 21. g4 0-0 22. g3 Rd7 23. Kg2 Rfd8 24. Rc1 Qa3 25. Bb1 Bf6 26. Rc2 c5 27. Rhc1 c4 28. Rc3 Qc5 29. a3 b5 30. Ba2 a6 31. Bb1 Kg7 0-1